[Event "DSJ Weihnachtsturnier U16: Steinitz 2020"]
[Site ""]
[Date "2020.12.28"]
[Round "5"]
[White "Farokhi, Keyvan"]
[Black "Herter, Arne"]
[Result "1-0"]
[Termination "normal"]
[Board "1.1"]
[WhiteElo "2059"]
[BlackElo "1740"]
[WhiteTeam "SK Doppelbauer Kiel"]
[BlackTeam "Schachzwerge Magdeburg"]
[PlyCount "61"]
[WhiteFideId "12998630"]
[BlackFideId "16255372"]
[EventRounds "7"]
[EventType "team-swiss"]
[EventDate "2020.12.28"]

1. e4 {[%emt 0:00:05]} e5 {[%emt 0:00:02]} 2. Nf3 {[%emt 0:00:02]} Nc6 { [%emt
0:00:01]} 3. Bb5 {[%emt 0:00:02]} a6 {[%emt 0:00:02]} 4. Ba4 {[%emt 0:00:02]}
g6 {[%emt 0:00:05]} 5. O-O {[%emt 0:00:05]} Bg7 {[%emt 0:00:02]} 6. c3 { [%emt
0:00:02]} Nf6 {[%emt 0:00:06]} 7. d4 {[%emt 0:00:09]} exd4 {[%emt 0:00:03]} 8.
e5 {[%emt 0:00:08]} Nd5 {[%emt 0:00:20]} 9. cxd4 {[%emt 0:00:05]} O-O { [%emt
0:00:06]} 10. Bb3 {[%emt 0:00:20]} Nf4 {[%emt 0:00:10]} 11. Bxf4 { [%emt
0:00:04]} d6 {[%emt 0:00:07]} 12. exd6 {[%emt 0:00:07]} cxd6 {[%emt 0:00:04]}
13. Nc3 {[%emt 0:00:07]} Bg4 {[%emt 0:00:08]} 14. Be3 {[%emt 0:00:31]} Qf6
{[%emt 0:00:10]} 15. Ne4 {[%emt 0:00:59]} Qf5 {[%emt 0:00:15]} 16. Nxd6 { [%emt
0:00:06]} Qd7 {[%emt 0:00:03]} 17. Nc4 {[%emt 0:00:06]} Nxd4 {[%emt 0:01:09]}
18. Bxd4 {[%emt 0:00:06]} Bxf3 {[%emt 0:00:11]} 19. Qxf3 {[%emt 0:00:00]} Qxd4
{[%emt 0:00:07]} 20. Rad1 {[%emt 0:00:04]} Qa7 {[%emt 0:00:13]} 21. Rd7 { [%emt
0:00:21]} Rab8 {[%emt 0:00:07]} 22. Nd6 {[%emt 0:00:05]} Bxb2 {[%emt 0:00:04]}
23. Rxf7 {[%emt 0:00:09]} Rxf7 {[%emt 0:00:20]} 24. Qxf7+ {[%emt 0:00:07]} Kh8
{[%emt 0:00:02]} 25. Ne8 {[%emt 0:00:11]} Rxe8 {[%emt 0:00:24]} 26. Qxe8+
{[%emt 0:00:03]} Kg7 {[%emt 0:00:01]} 27. Qg8+ {[%emt 0:00:06]} Kh6 { [%emt
0:00:03]} 28. Qf8+ {[%emt 0:00:01]} Kh5 {[%emt 0:00:04]} 29. Bd1+ { [%emt
0:00:08]} Kg5 {[%emt 0:00:04]} 30. h4+ {[%emt 0:00:06]} Kxh4 {[%emt 0:00:18]}
31. Qh6# {[%emt 0:00:02]} 1-0

[Event "DSJ Weihnachtsturnier U16: Steinitz 2020"]
[Site ""]
[Date "2020.12.28"]
[Round "5"]
[White "Udelnov, Valentin"]
[Black "Rempe, Jonas"]
[Result "1-0"]
[Termination "normal"]
[Board "1.2"]
[WhiteElo "1748"]
[BlackElo "1957"]
[WhiteTeam "Schachzwerge Magdeburg"]
[BlackTeam "SK Doppelbauer Kiel"]
[PlyCount "119"]
[WhiteFideId "16265734"]
[BlackFideId "16202406"]
[EventRounds "7"]
[EventType "team-swiss"]
[EventDate "2020.12.28"]

1. e4 {[%emt 0:00:05]} e5 {[%emt 0:00:03]} 2. Nf3 {[%emt 0:00:06]} Nc6 { [%emt
0:00:02]} 3. Bc4 {[%emt 0:00:02]} Nf6 {[%emt 0:00:01]} 4. d4 {[%emt 0:00:04]}
exd4 {[%emt 0:00:02]} 5. e5 {[%emt 0:00:03]} Ng4 {[%emt 0:00:01]} 6. O-O {
[%emt 0:01:15]} d6 {[%emt 0:00:02]} 7. exd6 {[%emt 0:00:16]} Bxd6 {[%emt
0:00:00]} 8. Re1+ {[%emt 0:00:28]} Kf8 {[%emt 0:00:02]} 9. h3 {[%emt 0:00:21]}
Nge5 {[%emt 0:00:03]} 10. Bd5 {[%emt 0:00:35]} Be6 {[%emt 0:02:24]} 11. Bxe6 {
[%emt 0:00:29]} fxe6 {[%emt 0:00:00]} 12. Bg5 {[%emt 0:00:43]} Qd7 {[%emt
0:00:14]} 13. Nbd2 {[%emt 0:00:54]} Kf7 {[%emt 0:01:21]} 14. Ne4 {[%emt
0:00:57]} Rhf8 {[%emt 0:00:23]} 15. Nxd6+ {[%emt 0:00:19]} cxd6 {[%emt
0:01:27]} 16. Nxd4 {[%emt 0:00:20]} Kg8 {[%emt 0:00:16]} 17. Nxc6 {[%emt
0:00:32]} Qxc6 {[%emt 0:00:00]} 18. Be7 {[%emt 0:00:13]} Rf7 {[%emt 0:00:59]}
19. Bxd6 {[%emt 0:00:12]} Rd8 {[%emt 0:00:20]} 20. Rxe5 {[%emt 0:00:04]} Rxd6
{[%emt 0:00:02]} 21. Qe2 { [%emt 0:00:02]} Rfd7 {[%emt 0:00:07]} 22. Qe4 {[%emt
0:00:54] Magdebg3-002 offers a draw} Qxe4 {[%emt 0:00:30]} 23. Rxe4 {[%emt
0:00:03]} Rd1+ {[%emt 0:00:00]} 24. Rxd1 {[%emt 0:00:04]} Rxd1+ {[%emt
0:00:00]} 25. Kh2 {[%emt 0:00:01]} Rd2 {[%emt 0:00:00]} 26. Rc4 {[%emt
0:00:17]} Rxf2 {[%emt 0:00:12]} 27. Rc7 {[%emt 0:00:03]} b6 {[%emt 0:00:02]}
28. Rxa7 {[%emt 0:00:13]} Rxc2 { [%emt 0:00:01]} 29. b3 {[%emt 0:00:06]} e5
{[%emt 0:00:07]} 30. Ra6 {[%emt 0:00:05]} Kf7 {[%emt 0:00:35]} 31. a4 {[%emt
0:00:07]} b5 {[%emt 0:00:32]} 32. axb5 {[%emt 0:00:03]} Rb2 {[%emt 0:00:01]}
33. Ra3 {[%emt 0:00:04]} Rc2 { [%emt 0:00:02]} 34. b6 {[%emt 0:00:02]} Rc6
{[%emt 0:00:03]} 35. b7 {[%emt 0:00:06]} Rb6 {[%emt 0:00:06]} 36. Ra7 {[%emt
0:00:02]} Kf6 {[%emt 0:00:01]} 37. Ra6 {[%emt 0:00:18]} Rxa6 {[%emt 0:00:08]}
38. b8=Q {[%emt 0:00:03]} Re6 { [%emt 0:00:00]} 39. Qf8+ {[%emt 0:00:07]} Kg6
{[%emt 0:00:01]} 40. b4 {[%emt 0:00:02]} Rb6 {[%emt 0:00:03]} 41. Qc5 {[%emt
0:00:05]} Re6 {[%emt 0:00:02]} 42. b5 {[%emt 0:00:03]} e4 {[%emt 0:00:01]} 43.
Qe3 {[%emt 0:00:02]} Re5 {[%emt 0:00:03]} 44. b6 {[%emt 0:00:02]} Re7 {[%emt
0:00:06]} 45. b7 {[%emt 0:00:02]} Rxb7 {[%emt 0:00:05]} 46. Qxe4+ {[%emt
0:00:02]} Kh6 {[%emt 0:00:00]} 47. Qxb7 {[%emt 0:00:01]} g6 {[%emt 0:00:00]}
48. g4 {[%emt 0:00:02]} Kg5 {[%emt 0:00:02]} 49. Qe7+ {[%emt 0:00:03]} Kh6
{[%emt 0:00:01]} 50. g5+ {[%emt 0:00:02]} Kh5 {[%emt 0:00:02]} 51. Qxh7+ {[%emt
0:00:01]} Kxg5 {[%emt 0:00:00]} 52. h4+ { [%emt 0:00:01]} Kg4 {[%emt 0:00:01]}
53. Qxg6+ {[%emt 0:00:05]} Kxh4 {[%emt 0:00:00]} 54. Qg3+ {[%emt 0:00:07]} Kh5
{[%emt 0:00:01]} 55. Kg2 {[%emt 0:00:01]} Kh6 {[%emt 0:00:00]} 56. Kf3 {[%emt
0:00:01]} Kh7 {[%emt 0:00:00]} 57. Kf4 { [%emt 0:00:01]} Kh8 {[%emt 0:00:00]}
58. Kf5 {[%emt 0:00:01]} Kh7 {[%emt 0:00:00]} 59. Kf6 {[%emt 0:00:01]} Kh8
{[%emt 0:00:01]} 60. Qg7# {[%emt 0:00:03]} 1-0

[Event "DSJ Weihnachtsturnier U16: Steinitz 2020"]
[Site ""]
[Date "2020.12.28"]
[Round "5"]
[White "Steinbach, Julian"]
[Black "Pohle, Saskia"]
[Result "0-1"]
[Termination "normal"]
[Board "1.3"]
[WhiteElo "1704"]
[BlackElo "1815"]
[WhiteTeam "SK Doppelbauer Kiel"]
[BlackTeam "Schachzwerge Magdeburg"]
[PlyCount "32"]
[WhiteFideId "16247973"]
[BlackFideId "16201604"]
[EventRounds "7"]
[EventType "team-swiss"]
[EventDate "2020.12.28"]

1. e4 {[%emt 0:00:08]} e5 {[%emt 0:00:02]} 2. Nf3 {[%emt 0:00:02]} Nc6 { [%emt
0:00:01]} 3. Bc4 {[%emt 0:00:02]} Nf6 {[%emt 0:00:02]} 4. Ng5 {[%emt 0:00:01]}
d5 {[%emt 0:00:02]} 5. exd5 {[%emt 0:00:02]} Nd4 {[%emt 0:00:02]} 6. c3 {[%emt
0:00:25]} b5 {[%emt 0:00:06]} 7. Be2 {[%emt 0:00:13]} Nxe2 {[%emt 0:00:29]} 8.
Qxe2 {[%emt 0:00:02]} Qxd5 {[%emt 0:00:00]} 9. O-O {[%emt 0:00:11]} Bb7 {[%emt
0:00:21]} 10. Nf3 {[%emt 0:00:43]} Bd6 {[%emt 0:00:33]} 11. d4 {[%emt 0:00:05]}
e4 {[%emt 0:00:10]} 12. c4 {[%emt 0:00:45]} Qh5 {[%emt 0:00:38]} 13. c5 {[%emt
0:00:41]} Bxh2+ {[%emt 0:01:00]} 14. Kh1 {[%emt 0:00:06]} O-O {[%emt 0:01:17]}
15. Qxb5 {[%emt 0:00:09]} exf3 {[%emt 0:00:10]} 16. Qxb7 {[%emt 0:00:04]} Bg3+
{[%emt 0:00:05]} 0-1

[Event "DSJ Weihnachtsturnier U16: Steinitz 2020"]
[Site ""]
[Date "2020.12.28"]
[Round "5"]
[White "Nönnig, Jakob"]
[Black "Woltmann, Peter"]
[Result "1-0"]
[Termination "normal"]
[Board "1.4"]
[WhiteElo "1442"]
[BlackElo "1556"]
[WhiteTeam "Schachzwerge Magdeburg"]
[BlackTeam "SK Doppelbauer Kiel"]
[PlyCount "87"]
[WhiteFideId "16289447"]
[BlackFideId "16269349"]
[EventRounds "7"]
[EventType "team-swiss"]
[EventDate "2020.12.28"]

1. e4 {[%emt 0:00:04]} g6 {[%emt 0:00:14]} 2. d4 {[%emt 0:00:06]} c5 {[%emt
0:00:06]} 3. c3 {[%emt 0:00:04]} b6 {[%emt 0:00:08]} 4. Be2 {[%emt 0:00:12]}
Bg7 {[%emt 0:00:07]} 5. Bf3 {[%emt 0:00:04]} Bb7 {[%emt 0:00:06]} 6. e5 {[%emt
0:00:15]} Bxf3 {[%emt 0:00:03]} 7. Nxf3 {[%emt 0:00:00]} Nc6 {[%emt 0:00:04]}
8. Be3 {[%emt 0:00:08]} d6 {[%emt 0:00:03]} 9. exd6 {[%emt 0:00:06]} exd6 {
[%emt 0:00:05]} 10. O-O {[%emt 0:00:08]} Nf6 {[%emt 0:00:08]} 11. Bg5 {[%emt
0:00:07]} O-O {[%emt 0:00:04]} 12. Qa4 {[%emt 0:00:14]} Qc7 {[%emt 0:00:05]}
13. Nbd2 {[%emt 0:00:17]} a6 {[%emt 0:00:30]} 14. dxc5 {[%emt 0:00:15]} dxc5 {
[%emt 0:00:04]} 15. Qh4 {[%emt 0:00:10]} Nd5 {[%emt 0:00:17]} 16. Ne4 {[%emt
0:00:14]} Ne5 {[%emt 0:00:27]} 17. Nxe5 {[%emt 0:00:17]} Qxe5 {[%emt 0:00:04]}
18. Rae1 {[%emt 0:00:11]} Qf5 {[%emt 0:00:08]} 19. Ng3 {[%emt 0:00:48]} Qc2 {
[%emt 0:00:21]} 20. Re2 {[%emt 0:00:18]} Qd3 {[%emt 0:00:06]} 21. Rd2 {[%emt
0:00:26]} Qb5 {[%emt 0:00:59]} 22. c4 {[%emt 0:00:13]} Qa4 {[%emt 0:00:17]} 23.
cxd5 {[%emt 0:00:09]} Qxa2 {[%emt 0:00:11]} 24. b4 {[%emt 0:00:18]} Qa4 { [%emt
0:00:43]} 25. bxc5 {[%emt 0:00:03]} Qd7 {[%emt 0:00:08]} 26. cxb6 { [%emt
0:00:08]} Rab8 {[%emt 0:00:04]} 27. Be3 {[%emt 0:00:11]} Bc3 {[%emt 0:00:06]}
28. Ne4 {[%emt 0:00:15]} Bg7 {[%emt 0:00:25] Kiel2-004 offers a draw} 29. Bh6
{[%emt 0:00:48]} f5 {[%emt 0:00:04]} 30. Bxg7 {[%emt 0:00:05]} Kxg7 { [%emt
0:00:01]} 31. Nc5 {[%emt 0:00:09]} Qd6 {[%emt 0:00:24]} 32. Ne6+ { [%emt
0:00:07]} Kg8 {[%emt 0:00:02]} 33. Nxf8 {[%emt 0:00:08]} Qxf8 {[%emt 0:00:04]}
34. Rb1 {[%emt 0:00:11]} a5 {[%emt 0:00:08]} 35. d6 {[%emt 0:00:07]} Qe8 {[%emt
0:00:11]} 36. d7 {[%emt 0:00:06]} Qf8 {[%emt 0:00:06]} 37. d8=Q { [%emt
0:00:04]} Rxd8 {[%emt 0:00:02]} 38. Rxd8 {[%emt 0:00:03]} Qxd8 {[%emt 0:00:03]}
39. Qxd8+ {[%emt 0:00:00]} Kf7 {[%emt 0:00:15]} 40. Qd6 {[%emt 0:00:05] } f4
{[%emt 0:00:13]} 41. g4 {[%emt 0:00:07]} g5 {[%emt 0:00:02]} 42. Rc1 { [%emt
0:00:05]} Ke8 {[%emt 0:00:06]} 43. Rc7 {[%emt 0:00:10]} a4 {[%emt 0:00:07]} 44.
Qe7# {[%emt 0:00:00]} 1-0

[Event "DSJ Weihnachtsturnier U16: Steinitz 2020"]
[Site ""]
[Date "2020.12.28"]
[Round "5"]
[White "Burgtorf, Benjamin"]
[Black "Colbow, Collin"]
[Result "0-1"]
[Termination "normal"]
[Board "2.1"]
[BlackTitle "FM"]
[WhiteElo "1773"]
[BlackElo "2339"]
[WhiteTeam "SchVgg Blankenese von 1923"]
[BlackTeam "SV Werder Bremen"]
[PlyCount "90"]
[WhiteFideId "16242920"]
[BlackFideId "16201132"]
[EventRounds "7"]
[EventType "team-swiss"]
[EventDate "2020.12.28"]

1. Nf3 {[%emt 0:00:03]} c5 {[%emt 0:00:02]} 2. c4 {[%emt 0:00:56]} g6 {[%emt
0:00:02]} 3. Nc3 {[%emt 0:00:10]} Bg7 {[%emt 0:00:02]} 4. g3 {[%emt 0:00:09]}
Nc6 {[%emt 0:00:03]} 5. Bg2 {[%emt 0:00:09]} d6 {[%emt 0:00:06]} 6. O-O {[%emt
0:00:25]} e5 {[%emt 0:00:02]} 7. e3 {[%emt 0:00:25]} Be6 {[%emt 0:00:05]} 8.
Nd5 {[%emt 0:00:29]} Nge7 {[%emt 0:01:31]} 9. d4 {[%emt 0:01:20]} Nxd5 {[%emt
0:00:53]} 10. cxd5 {[%emt 0:00:02]} Bxd5 {[%emt 0:00:04]} 11. dxc5 {[%emt
0:00:26]} dxc5 {[%emt 0:00:00]} 12. Qc2 {[%emt 0:00:05]} Qe7 {[%emt 0:00:41]}
13. Rd1 { [%emt 0:00:32]} Be6 {[%emt 0:00:31]} 14. Bd2 {[%emt 0:00:19]} O-O
{[%emt 0:00:11]} 15. Rac1 {[%emt 0:00:05]} c4 {[%emt 0:01:00]} 16. Bc3 {[%emt
0:00:30]} Rfd8 {[%emt 0:00:25]} 17. Qe4 {[%emt 0:01:00]} f5 {[%emt 0:00:31]}
18. Qh4 { [%emt 0:00:10]} Qxh4 {[%emt 0:00:43]} 19. Nxh4 {[%emt 0:00:00]} e4
{[%emt 0:00:13]} 20. Bxg7 {[%emt 0:00:20]} Kxg7 {[%emt 0:00:00]} 21. Bf1 {[%emt
0:00:04]} Ne5 {[%emt 0:00:09]} 22. Ng2 {[%emt 0:00:27]} g5 {[%emt 0:00:06]} 23.
h4 { [%emt 0:00:02]} h6 {[%emt 0:00:01]} 24. Be2 {[%emt 0:00:06]} Kf6 {[%emt
0:00:16]} 25. Kf1 {[%emt 0:00:16]} b5 {[%emt 0:00:12]} 26. a3 {[%emt 0:00:15]}
a5 { [%emt 0:00:07]} 27. Ne1 {[%emt 0:00:17]} Nd3 {[%emt 0:01:15]} 28. Bxd3 {
[%emt 0:00:24]} exd3 {[%emt 0:00:05]} 29. Nf3 {[%emt 0:00:06]} b4 {[%emt
0:00:31]} 30. Nd4 {[%emt 0:00:10]} Bd5 {[%emt 0:00:13]} 31. Ra1 {[%emt
0:00:34]} gxh4 {[%emt 0:00:20]} 32. gxh4 {[%emt 0:00:00]} Rg8 {[%emt 0:00:05]}
33. axb4 { [%emt 0:00:13]} axb4 {[%emt 0:00:00]} 34. Rxa8 {[%emt 0:00:16]} Rxa8
{[%emt 0:00:00]} 35. Ke1 {[%emt 0:00:11]} Ra2 {[%emt 0:00:13]} 36. Rb1 {[%emt
0:00:08]} Ke5 {[%emt 0:00:21]} 37. Nb5 {[%emt 0:00:03]} f4 {[%emt 0:00:04]} 38.
Nd4 { [%emt 0:00:03]} fxe3 {[%emt 0:00:03]} 39. fxe3 {[%emt 0:00:00]} Ke4
{[%emt 0:00:01]} 40. Kf2 {[%emt 0:00:01]} c3 {[%emt 0:00:04]} 41. Rg1 {[%emt
0:00:06]} Rxb2+ {[%emt 0:00:04]} 42. Kg3 {[%emt 0:00:00]} Kxe3 {[%emt 0:00:02]}
43. Nf5+ {[%emt 0:00:02]} Ke4 {[%emt 0:00:01]} 44. Nd6+ {[%emt 0:00:01]} Ke5
{[%emt 0:00:01]} 45. Nf7+ {[%emt 0:00:01]} Bxf7 {[%emt 0:00:01]} 0-1

[Event "DSJ Weihnachtsturnier U16: Steinitz 2020"]
[Site ""]
[Date "2020.12.28"]
[Round "5"]
[White "Helms, Finn"]
[Black "von Rosen, Jakob"]
[Result "0-1"]
[Termination "normal"]
[Board "2.2"]
[WhiteElo "1934"]
[BlackElo "1722"]
[WhiteTeam "SV Werder Bremen"]
[BlackTeam "SchVgg Blankenese von 1923"]
[PlyCount "116"]
[WhiteFideId "16249143"]
[BlackFideId "12982989"]
[EventRounds "7"]
[EventType "team-swiss"]
[EventDate "2020.12.28"]

1. e4 {[%emt 0:00:11]} c5 {[%emt 0:00:01]} 2. Nf3 {[%emt 0:00:07]} d6 {[%emt
0:00:01]} 3. d4 {[%emt 0:00:02]} cxd4 {[%emt 0:00:00]} 4. Nxd4 {[%emt 0:00:01]}
Nf6 {[%emt 0:00:01]} 5. Nc3 {[%emt 0:00:02]} a6 {[%emt 0:00:01]} 6. Be3 { [%emt
0:00:03]} e5 {[%emt 0:00:01]} 7. Nb3 {[%emt 0:00:02]} Be6 {[%emt 0:00:00] } 8.
f3 {[%emt 0:00:03]} Be7 {[%emt 0:00:03]} 9. Qd2 {[%emt 0:00:01]} O-O { [%emt
0:00:02]} 10. g4 {[%emt 0:00:01]} Nc6 {[%emt 0:00:04]} 11. h4 {[%emt 0:00:04]}
a5 {[%emt 0:00:09]} 12. h5 {[%emt 0:00:17]} a4 {[%emt 0:00:18]} 13. Nc1 {[%emt
0:00:04]} d5 {[%emt 0:00:33]} 14. Bf2 {[%emt 0:01:14]} dxe4 {[%emt 0:00:10]}
15. Qxd8 {[%emt 0:00:08]} Rfxd8 {[%emt 0:00:00]} 16. Nxe4 {[%emt 0:00:04]} Nxe4
{[%emt 0:00:02]} 17. fxe4 {[%emt 0:00:01]} Bxg4 {[%emt 0:00:01]} 18. Be2 {
[%emt 0:00:01]} Bxe2 {[%emt 0:00:15]} 19. Nxe2 {[%emt 0:00:02]} Nd4 {[%emt
0:00:03]} 20. Bxd4 {[%emt 0:00:22]} exd4 {[%emt 0:00:00]} 21. O-O-O {[%emt
0:00:02]} a3 {[%emt 0:00:19]} 22. Nxd4 {[%emt 0:00:13]} axb2+ {[%emt 0:00:03]}
23. Kxb2 {[%emt 0:00:03]} Bf6 {[%emt 0:00:02]} 24. c3 {[%emt 0:00:01]} Ra4 {
[%emt 0:00:18]} 25. Kb3 {[%emt 0:00:17]} Rda8 {[%emt 0:00:04]} 26. Rd2 { [%emt
0:00:09]} Ra3+ {[%emt 0:00:03]} 27. Kb4 {[%emt 0:00:09]} Rxa2 {[%emt 0:00:01]}
28. Rxa2 {[%emt 0:00:07]} Rxa2 {[%emt 0:00:00]} 29. Rd1 {[%emt 0:00:02] } Kf8
{[%emt 0:00:06]} 30. Kb5 {[%emt 0:00:05]} Rb2+ {[%emt 0:00:04]} 31. Kc5 { [%emt
0:00:02]} Be7+ {[%emt 0:00:04]} 32. Kd5 {[%emt 0:00:04]} Rh2 {[%emt 0:00:07]}
33. Rb1 {[%emt 0:00:04]} Rxh5+ {[%emt 0:00:03]} 34. Kc4 {[%emt 0:00:05]} Rc5+
{[%emt 0:00:02]} 35. Kd3 {[%emt 0:00:03]} Rc7 {[%emt 0:00:06]} 36. Nb5 { [%emt
0:00:05]} Rd7+ {[%emt 0:00:03]} 37. Kc4 {[%emt 0:00:01]} h5 {[%emt 0:00:04]}
38. e5 {[%emt 0:00:07]} h4 {[%emt 0:00:04]} 39. Rf1 {[%emt 0:00:03]} f6 { [%emt
0:00:10]} 40. e6 {[%emt 0:00:03]} Rd8 {[%emt 0:00:07]} 41. Rf5 {[%emt 0:00:05]}
g6 {[%emt 0:00:06]} 42. Rf4 {[%emt 0:00:06]} g5 {[%emt 0:00:02]} 43. Rg4 {[%emt
0:00:15]} Rc8+ {[%emt 0:00:04]} 44. Kd4 {[%emt 0:00:10]} f5 { [%emt 0:00:02]}
45. Rg2 {[%emt 0:00:05]} Bf6+ {[%emt 0:00:03]} 46. Kd3 { [%emt 0:00:04]} g4
{[%emt 0:00:02]} 47. Nd6 {[%emt 0:00:02]} Rd8 {[%emt 0:00:03]} 48. Rf2 {[%emt
0:00:07]} Rxd6+ {[%emt 0:00:02]} 49. Kc4 {[%emt 0:00:04]} Rc6+ {[%emt 0:00:02]}
50. Kb5 {[%emt 0:00:03]} Rxe6 {[%emt 0:00:08]} 51. Rxf5 { [%emt 0:00:03]} g3
{[%emt 0:00:02]} 52. Rh5 {[%emt 0:00:06]} g2 {[%emt 0:00:04] } 53. Rf5 {[%emt
0:00:09]} g1=Q {[%emt 0:00:03]} 54. c4 {[%emt 0:00:01]} Qb6+ { [%emt 0:00:05]}
55. Ka4 {[%emt 0:00:02]} Ke7 {[%emt 0:00:03]} 56. c5 {[%emt 0:00:05]} Re4+
{[%emt 0:00:03]} 57. Ka3 {[%emt 0:00:03]} Qb4+ {[%emt 0:00:01]} 58. Ka2 {[%emt
0:00:01]} Re2# {[%emt 0:00:01]} 0-1

[Event "DSJ Weihnachtsturnier U16: Steinitz 2020"]
[Site ""]
[Date "2020.12.28"]
[Round "5"]
[White "Sell, Eero"]
[Black "Bildat, Emilia"]
[Result "0-1"]
[Termination "time forfeit"]
[Board "2.3"]
[WhiteElo "1766"]
[BlackElo "1852"]
[WhiteTeam "SchVgg Blankenese von 1923"]
[BlackTeam "SV Werder Bremen"]
[PlyCount "66"]
[WhiteFideId "34606041"]
[BlackFideId "16218140"]
[EventRounds "7"]
[EventType "team-swiss"]
[EventDate "2020.12.28"]

1. e4 {[%emt 0:00:12]} c5 {[%emt 0:00:01]} 2. Nc3 { [%emt 0:00:18]} g6 {[%emt
0:00:06] Blanken1-003 reconnected.} 3. f4 {[%emt 0:00:14]} Bg7 {[%emt 0:00:03]}
4. Nf3 {[%emt 0:00:17]} Nc6 {[%emt 0:00:06]} 5. Bb5 {[%emt 0:00:02]} e6 {[%emt
0:00:04]} 6. Bxc6 {[%emt 0:00:05]} bxc6 { [%emt 0:00:04]} 7. d3 {[%emt
0:00:03]} Ne7 {[%emt 0:00:04]} 8. O-O {[%emt 0:00:08]} O-O {[%emt 0:00:03]} 9.
Be3 {[%emt 0:00:08]} d6 {[%emt 0:00:20]} 10. e5 { [%emt 0:00:07]} Rb8 {[%emt
0:00:12] .} 11. Rb1 {[%emt 0:00:29]} Nf5 {[%emt 0:01:09] .} 12. Bf2 {[%emt
0:00:24]} dxe5 {[%emt 0:00:34] .} 13. Nxe5 {[%emt 0:01:14]} Bxe5 {[%emt
0:00:18] .} 14. fxe5 {[%emt 0:00:03]} Nd4 {[%emt 0:00:02] . } 15. Ne4 {[%emt
0:00:19]} Bd7 {[%emt 0:00:44] .} 16. Qg4 {[%emt 0:01:21]} Nxc2 {[%emt 0:01:00]
.} 17. Bxc5 {[%emt 0:00:13]} Re8 {[%emt 0:00:11] . Werder2-003 reconnected.}
18. Nf6+ {[%emt 0:00:56]} Kh8 {[%emt 0:00:03]} 19. Qh4 {[%emt 0:00:38]} h5
{[%emt 0:00:11]} 20. Qg5 {[%emt 0:00:16]} Kg7 {[%emt 0:00:07]} 21. Nxh5+ {[%emt
0:00:24]} Kg8 {[%emt 0:00:11]} 22. Nf6+ {[%emt 0:00:20]} Kg7 { [%emt 0:00:05]}
23. Nxe8+ {[%emt 0:00:34]} Bxe8 {[%emt 0:00:04]} 24. Be7 { [%emt 0:00:09]} Qd4+
{[%emt 0:00:10]} 25. Kh1 {[%emt 0:00:07]} Qe3 {[%emt 0:00:20]} 26. Bf6+ {[%emt
0:00:18]} Kh7 {[%emt 0:00:08]} 27. Qh4+ {[%emt 0:00:21]} Qh6 {[%emt 0:00:02]}
28. Rf4 {[%emt 0:00:24]} g5 {[%emt 0:00:22]} 29. Bxg5 { [%emt 0:00:20]} Qxh4
{[%emt 0:00:02]} 30. Bxh4 {[%emt 0:00:02]} c5 {[%emt 0:00:27]} 31. Bf6 {[%emt
0:00:09]} Bc6 {[%emt 0:00:27]} 32. Rg4 {[%emt 0:00:22]} Kh6 {[%emt 0:00:31] .}
33. Rf1 {[%emt 0:00:09]} Ne3 {[%emt 0:00:09] Blanken1-003 reconnected. TimeW}
0-1